[Event "Quebec-ch Rapid Online"]
[Site "Chess.com"]
[Date "2021.03.14"]
[Round "10"]
[White "Duval, Mathieu"]
[Black "Batorshyn, Ilia"]
[Result "0-1"]
[WhiteElo "1612"]
[BlackElo "1343"]
[PlyCount "124"]
[EventDate "2021.03.13"]
[EventType "swiss (rapid)"]
[EventRounds "10"]
[EventCountry "CAN"]

1. d4 d5 2. c4 c6 3. Nc3 Nf6 4. Nf3 Bf5 5. Bg5 Nbd7 6. cxd5 cxd5 7. e3 e6 8.
Bb5 Bd6 9. Ne5 Bxe5 10. dxe5 h6 11. exf6 hxg5 12. fxg7 Rg8 13. Qh5 Qf6 14. Qd1
Rd8 15. Na4 b6 16. Nc3 Rxg7 17. O-O Rh7 18. Qa4 Qh6 19. h4 gxh4 20. Kh2 Qf6 21.
Qxa7 Qe5+ 22. f4 Qxe3 23. Rf3 Qc5 24. Re1 d4 25. Re5 Qd6 26. Bxd7+ Qxd7 27.
Qxd7+ Rxd7 28. Ne4 Ke7 29. Ng5 d3 30. Rxf5 exf5 31. Rf1 d2 32. Rd1 Rh6 33. Nf3
Rc6 34. Rxd2 Rxd2 35. Nxd2 Rc2 36. Nb1 Rxb2 37. Nc3 Kd6 38. a4 Rc2 39. Nb5+ Kc5
40. Kh3 Rc4 41. Kxh4 Rxa4 42. Nc7 Rxf4+ 43. Kg5 Rg4+ 44. Kxf5 Rxg2 45. Na6+ Kb5
46. Nc7+ Kc4 47. Ke5 b5 48. Ke4 b4 49. Kf3 Rg6 50. Ke3 b3 51. Kd2 Rg2+ 52. Kc1
f5 53. Nd5 Kxd5 54. Kb1 f4 55. Kc1 f3 56. Kd1 f2 57. Ke2 b2 58. Kf1 b1=Q+ 59.
Kxg2 f1=Q+ 60. Kh2 Qh7+ 61. Kg3 Qg7+ 62. Kh4 Qh1# 0-1

[Event "Quebec-ch Rapid Online"]
[Site "Chess.com"]
[Date "2021.03.14"]
[Round "10"]
[White "Guipi Bopala, Prince Eric jr"]
[Black "Mourad, Michel"]
[Result "1/2-1/2"]
[WhiteElo "1863"]
[BlackElo "1376"]
[PlyCount "77"]
[EventDate "2021.03.13"]
[EventType "swiss (rapid)"]
[EventRounds "10"]
[EventCountry "CAN"]

1. d4 d5 2. c4 e6 3. Nf3 Nf6 4. g3 Be7 5. Bg2 O-O 6. O-O Nbd7 7. Qc2 c6 8. Nbd2
b6 9. e4 dxe4 10. Nxe4 Nxe4 11. Qxe4 Bb7 12. Bf4 Nf6 13. Qe2 c5 14. Rad1 cxd4
15. Nxd4 Bxg2 16. Kxg2 Qc8 17. a3 Rd8 18. Kg1 Bc5 19. Nb5 a6 20. Rxd8+ Qxd8 21.
Rd1 Qe7 22. Nc3 Rd8 23. Rxd8+ Qxd8 24. Ne4 h6 25. Nxc5 bxc5 26. Be3 Qc7 27. Qd2
Ne4 28. Qd3 Qe5 29. Bf4 Qf5 30. Qd8+ Kh7 31. Qb6 Qf6 32. Qxa6 Qxb2 33. Be3 Qb1+
34. Kg2 Nc3 35. a4 Qe4+ 36. Kg1 Qb1+ 37. Kg2 Qe4+ 38. Kg1 Qb1+ 39. Kg2 1/2-1/2

[Event "Quebec-ch Rapid Online"]
[Site "Chess.com"]
[Date "2021.03.14"]
[Round "10"]
[White "Hemphrey, David"]
[Black "Hughes-Dupuy, Henry"]
[Result "0-1"]
[WhiteElo "1478"]
[BlackElo "1669"]
[PlyCount "170"]
[EventDate "2021.03.13"]
[EventType "swiss (rapid)"]
[EventRounds "10"]
[EventCountry "CAN"]

1. d4 Nf6 2. c4 g6 3. Nc3 Bg7 4. e4 d6 5. f3 O-O 6. Be3 e5 7. Nge2 Nc6 8. Qd2
Ne8 9. d5 Ne7 10. Bh6 f5 11. O-O-O Bd7 12. h4 f4 13. Bxg7 Nxg7 14. Kb1 a5 15.
Nc1 Nh5 16. Nd3 b6 17. a4 Kh8 18. Nb5 Ng8 19. Nf2 Ngf6 20. Be2 Ng3 21. Rh2 Nfh5
22. Qc2 Rf7 23. Re1 Kg7 24. Ng4 Nxe2 25. Qxe2 Ng3 26. Qd1 Qc8 27. Nf2 h6 28.
Nh1 Nxh1 29. Rexh1 Rf8 30. Rg1 Rf6 31. b3 Qd8 32. Kb2 Rc8 33. Na7 Ra8 34. Nc6
Qe8 35. g3 Bxc6 36. dxc6 Qxc6 37. gxf4 Rxf4 38. Rhg2 Rf6 39. Qd3 Qc5 40. Rg3
Raf8 41. R1g2 Kh7 42. Kc3 Qa3 43. Qe3 Qa1+ 44. Kc2 Qa2+ 45. Kc1 Qa1+ 46. Kc2
Qd4 47. Qxd4 exd4 48. f4 Rxf4 49. Rxg6 Rf2+ 50. Kd3 Rxg2 51. Rxg2 c5 52. h5
Rf3+ 53. Kc2 Rc3+ 54. Kb2 Re3 55. Rg4 Rh3 56. Rg6 Rxh5 57. Rxd6 Re5 58. Rxb6 h5
59. Kc2 Rxe4 60. Rb5 Re5 61. Rxa5 h4 62. b4 h3 63. Ra7+ Kg6 64. Ra6+ Kg5 65.
Ra8 cxb4 66. Rh8 Kg4 67. Kd3 Rh5 68. Rg8+ Rg5 69. Rh8 Kg3 70. Kxd4 Rg4+ 71. Kd3
Kg2 72. c5 Rg3+ 73. Kc4 b3 74. c6 b2 75. c7 b1=Q 76. c8=Q Qc2+ 77. Kb5 Rg5+ 78.
Kb4 Qe4+ 79. Qc4 Qb7+ 80. Kc3 Rg3+ 81. Kc2 Qf3 82. Re8 Kh2 83. a5 Rg2+ 84. Kc1
Qa3+ 85. Kb1 Qb2# 0-1

[Event "Quebec-ch Rapid Online"]
[Site "Chess.com"]
[Date "2021.03.14"]
[Round "10"]
[White "Latreille, Etienne"]
[Black "Tanaka, Tyler"]
[Result "1-0"]
[WhiteElo "1891"]
[BlackElo "2098"]
[PlyCount "115"]
[EventDate "2021.03.13"]
[EventType "swiss (rapid)"]
[EventRounds "10"]
[EventCountry "CAN"]

1. d4 Nf6 2. Nc3 d5 3. Bf4 g6 4. e3 Bg7 5. h4 h5 6. Nf3 Bg4 7. Be2 Bxf3 8. gxf3
c5 9. Be5 Nc6 10. f4 cxd4 11. exd4 e6 12. a3 O-O 13. Qd3 Ne8 14. Rg1 Ne7 15.
Qh3 Nf5 16. O-O-O Qxh4 17. Qf3 Bxe5 18. dxe5 Neg7 19. Rg5 Rac8 20. Rh1 Nd4 21.
Rxh4 Nxf3 22. Bxf3 Rc4 23. Be2 Rc5 24. Rh1 Rfc8 25. Bd3 a6 26. Rhg1 b5 27. R5g3
Rb8 28. Kd2 b4 29. axb4 Rxb4 30. b3 Rxf4 31. Nd1 a5 32. R1g2 Kf8 33. Nb2 Rh4
34. Rf3 Kg8 35. Rg1 Ne8 36. Ra1 Nc7 37. Ra4 Rh2 38. Raf4 f5 39. exf6 Kf7 40.
Rg3 e5 41. Bxg6+ Ke6 42. Rf5 Nb5 43. f7 Nd4 44. Rff3 Nxf3+ 45. Rxf3 Rc8 46.
Bf5+ Ke7 47. Bxc8 Kf8 48. Be6 h4 49. Nd1 d4 50. Rf5 e4 51. Rg5 e3+ 52. Kd3 Ke7
53. fxe3 dxe3 54. Nxe3 Rf2 55. Nf5+ Kxe6 56. f8=Q h3 57. Nd4+ Kd7 58. Qxf2 1-0

[Event "Quebec-ch Rapid Online"]
[Site "Chess.com"]
[Date "2021.03.14"]
[Round "10"]
[White "Lu, Aiden"]
[Black "Ouazri, Ghassane Said"]
[Result "0-1"]
[WhiteElo "1107"]
[BlackElo "1720"]
[PlyCount "82"]
[EventDate "2021.03.13"]
[EventType "swiss (rapid)"]
[EventRounds "10"]
[EventCountry "CAN"]

1. e4 c5 2. Nf3 d6 3. d4 cxd4 4. Nxd4 Nf6 5. Nc3 a6 6. Be3 e5 7. Nb3 Be7 8. Be2
Be6 9. O-O O-O 10. h3 Nbd7 11. f4 exf4 12. Bxf4 Ne5 13. Bxe5 dxe5 14. Qxd8
Rfxd8 15. Rad1 b5 16. a3 Rac8 17. Rxd8+ Rxd8 18. Rd1 Rxd1+ 19. Bxd1 Bd8 20. Nc5
Bb6 21. b4 Nd7 22. Nd5 Bxd5 23. exd5 Nxc5 24. bxc5 Bxc5+ 25. Kf1 Bxa3 26. Ke2
f6 27. Kd3 Kf7 28. c4 bxc4+ 29. Kxc4 a5 30. Bg4 Ke7 31. Kb5 Kd6 32. Bf3 Bb4 33.
g4 g6 34. h4 f5 35. g5 e4 36. h5 exf3 37. h6 f2 38. Ka4 f1=Q 39. Kb3 Qd1+ 40.
Ka2 Qc2+ 41. Ka1 Bc3# 0-1

[Event "Quebec-ch Rapid Online"]
[Site "Chess.com"]
[Date "2021.03.14"]
[Round "10"]
[White "Mendes, Aaron Reeve"]
[Black "Fang, Zhou"]
[Result "1-0"]
[WhiteElo "1522"]
[BlackElo "1652"]
[PlyCount "127"]
[EventDate "2021.03.13"]
[EventType "swiss (rapid)"]
[EventRounds "10"]
[EventCountry "CAN"]

1. e3 d6 2. d4 Nf6 3. c4 Nbd7 4. Bd3 g6 5. Nc3 Bg7 6. Nge2 O-O 7. O-O c6 8. b3
Qc7 9. Bb2 a6 10. Qc2 e5 11. Rac1 Ne8 12. h3 f5 13. f3 b6 14. Kh1 Bb7 15. Qd2
Rd8 16. Rfd1 Nef6 17. d5 c5 18. a3 Rde8 19. e4 f4 20. b4 g5 21. g4 Rf7 22. b5
a5 23. a4 Bf8 24. Kg2 h6 25. Rh1 Rh7 26. Rcf1 Be7 27. Nc1 Nf8 28. Be2 Ng6 29.
Kf2 Bf8 30. Qd1 Qg7 31. Rfg1 Qh8 32. Qf1 Ree7 33. Nd3 h5 34. Ne1 Rh6 35. Rh2
Rf7 36. Rgh1 Rfh7 37. Qg1 Bc8 38. Qg2 Be7 39. Ba1 hxg4 40. fxg4 Rh4 41. Nf3
Nxg4+ 42. hxg4 Rxg4 43. Qxg4 Bxg4 44. Rxh7 Qxh7 45. Rxh7 Kxh7 46. Nxg5+ Bxg5
47. Bxg4 Ne7 48. Kf3 Ng8 49. Ne2 Nf6 50. Bc3 Kh6 51. Bf5 Kg7 52. Bxa5 bxa5 53.
b6 Nd7 54. Bxd7 Bd8 55. b7 Bc7 56. Kg4 Kf7 57. Ng1 Ke7 58. Bc8 Bb8 59. Ne2 Kd8
60. Nc3 Kc7 61. Nb5+ Kb6 62. Kf3 Ka6 63. Nxd6 Bxd6 64. b8=Q# 1-0

[Event "Quebec-ch Rapid Online"]
[Site "Chess.com"]
[Date "2021.03.14"]
[Round "10"]
[White "Tsanaclis, Albert"]
[Black "Gougeon, Patrick"]
[Result "1-0"]
[WhiteElo "1771"]
[BlackElo "1258"]
[PlyCount "67"]
[EventDate "2021.03.13"]
[EventType "swiss (rapid)"]
[EventRounds "10"]
[EventCountry "CAN"]

1. e4 d5 2. exd5 Qxd5 3. Nc3 Qd6 4. d4 Nf6 5. Bc4 a6 6. Nf3 b5 7. Bb3 Bg4 8. h3
Bxf3 9. Qxf3 c6 10. Bf4 Qxd4 11. O-O Qb6 12. Be3 Qc7 13. Bf4 Qb6 14. Rad1 Nbd7
15. Rfe1 e6 16. Bxe6 O-O-O 17. Bxf7 Bb4 18. Re6 Kb7 19. Nd5 Nxd5 20. Rxd5 Bc5
21. Rf5 g6 22. Rg5 Rhf8 23. Be3 Bxe3 24. fxe3 Nc5 25. Re7+ Rd7 26. Rge5 Rxe7
27. Rxe7+ Kc8 28. Qg4+ Kb8 29. Qg3+ Kc8 30. Re8+ Rxe8 31. Bxe8 Qd8 32. Bf7 Qd1+
33. Kh2 Qd8 34. b4 1-0

[Event "Quebec-ch Rapid Online"]
[Site "Chess.com"]
[Date "2021.03.14"]
[Round "10"]
[White "Turcotte, Jonathan"]
[Black "Zheng, Richard"]
[Result "0-1"]
[WhiteElo "1974"]
[BlackElo "2069"]
[PlyCount "66"]
[EventDate "2021.03.13"]
[EventType "swiss (rapid)"]
[EventRounds "10"]
[EventCountry "CAN"]

1. d4 d5 2. c4 c6 3. Nf3 Nf6 4. Nc3 e6 5. Bg5 dxc4 6. e4 b5 7. e5 h6 8. Bh4 g5
9. Nxg5 hxg5 10. Bxg5 Nbd7 11. g3 Bb7 12. Bg2 Qb6 13. exf6 O-O-O 14. O-O c5 15.
dxc5 Nxc5 16. Qe2 Bxg2 17. Kxg2 Qc6+ 18. f3 Nd3 19. a4 b4 20. Nb5 Kb7 21. Be3
a6 22. Nd4 Qd5 23. b3 Qh5 24. h4 Rg8 25. Kh3 Bd6 26. Rg1 Bxg3 27. Rxg3 Rxd4 28.
Rxg8 Rxh4+ 29. Kg3 Rh3+ 30. Kg2 Rh2+ 31. Kf1 Rxe2 32. Kxe2 Qh2+ 33. Kd1 c3 0-1

[Event "Quebec-ch Rapid Online"]
[Site "Chess.com"]
[Date "2021.03.14"]
[Round "10"]
[White "Varro, Daniel"]
[Black "Wu, Jonathan"]
[Result "1/2-1/2"]
[WhiteElo "1453"]
[BlackElo "1912"]
[PlyCount "87"]
[EventDate "2021.03.13"]
[EventType "swiss (rapid)"]
[EventRounds "10"]
[EventCountry "CAN"]

1. c4 c6 2. Nc3 d5 3. cxd5 cxd5 4. d4 Nc6 5. Bf4 Nf6 6. e3 Bf5 7. Qb3 Qd7 8.
Nf3 a6 9. Be2 e6 10. Ne5 Nxe5 11. Bxe5 Bd6 12. O-O Bxe5 13. dxe5 Ne4 14. Nxe4
Bxe4 15. f3 Bg6 16. Rac1 O-O 17. Rc3 Rfc8 18. Rfc1 h6 19. Rxc8+ Rxc8 20. Rxc8+
Qxc8 21. Qb6 Qc1+ 22. Kf2 Qc2 23. Qd4 Qc6 24. Qc3 Qxc3 25. bxc3 Kf8 26. Ke1 Ke7
27. Kd2 Kd7 28. h4 Kc6 29. g4 h5 30. g5 Bb1 31. a3 Ba2 32. Kc1 Bc4 33. Bd1 b5
34. f4 g6 35. Kb2 Bd3 36. Bb3 Kc5 37. Bd1 a5 38. Bb3 a4 39. Bd1 Kc4 40. Bf3 Be4
41. Be2+ Bd3 42. Bf3 Bf1 43. Kc2 Bd3+ 44. Kb2 1/2-1/2

[Event "Quebec-ch Rapid Online"]
[Site "Chess.com"]
[Date "2021.03.14"]
[Round "10"]
[White "Yan, Alex Jikai"]
[Black "Turgeon-Dalpe, Alexandre"]
[Result "1-0"]
[WhiteElo "1520"]
[BlackElo "1445"]
[PlyCount "45"]
[EventDate "2021.03.13"]
[EventType "swiss (rapid)"]
[EventRounds "10"]
[EventCountry "CAN"]

1. e4 e5 2. Nf3 Nc6 3. Bc4 Bc5 4. c3 d6 5. d4 Bb6 6. Be3 Nf6 7. Nbd2 Ne7 8.
dxe5 dxe5 9. Bxb6 axb6 10. Nxe5 O-O 11. O-O Ng6 12. Nxg6 hxg6 13. e5 Nd5 14.
Ne4 Qh4 15. Bxd5 c6 16. Bxc6 bxc6 17. Nd6 Rd8 18. Qf3 Be6 19. Qxc6 Ra5 20. Nb7
Bd5 21. Qxb6 Bxg2 22. Qxd8+ Kh7 23. Qxh4+ 1-0

[Event "Quebec-ch U10 Online"]
[Site "Chess.com"]
[Date "2021.03.27"]
[Round "2"]
[White "Duval, Mathieu"]
[Black "Tolico, Alexander"]
[Result "1-0"]
[WhiteElo "1363"]
[BlackElo "936"]
[PlyCount "23"]
[EventDate "2021.03.27"]
[EventType "swiss"]
[EventRounds "5"]
[EventCountry "CAN"]

1. d4 d5 2. c4 dxc4 3. Nc3 Nf6 4. e4 Nc6 5. Nf3 Bg4 6. d5 Na5 7. Qa4+ c6 8.
dxc6 bxc6 9. Ne5 Bd7 10. Bxc4 Nxc4 11. Qxc4 Rc8 12. Qxf7# 1-0

[Event "Quebec-ch U10 Online"]
[Site "Chess.com"]
[Date "2021.03.27"]
[Round "2"]
[White "Guillemette, Thomas"]
[Black "Fang, Johnny"]
[Result "1-0"]
[WhiteElo "891"]
[BlackElo "1265"]
[PlyCount "81"]
[EventDate "2021.03.27"]
[EventType "swiss"]
[EventRounds "5"]
[EventCountry "CAN"]

1. e4 d6 2. d4 Nf6 3. Nc3 Nbd7 4. Nf3 e5 5. dxe5 dxe5 6. Bc4 Bc5 7. Bg5 h6 8.
Bh4 g5 9. Bg3 Qe7 10. Nd5 Nxd5 11. Bxd5 c6 12. Bb3 f6 13. h3 Nb6 14. Qe2 Bd7
15. O-O-O O-O-O 16. Kb1 Be6 17. Nd2 Bd4 18. Qf3 Kb8 19. Bxe6 Qxe6 20. Qf5 Qe7
21. Nb3 Nc4 22. Rxd4 Rxd4 23. Nxd4 Ka8 24. Nb3 Rd8 25. Qg4 Qh7 26. Rd1 Rxd1+
27. Qxd1 Qh8 28. Qd7 Qf8 29. Nc5 Qb8 30. Kc1 Nb6 31. Qe7 Nc4 32. Qxf6 a6 33.
Nxa6 Qc8 34. Nb4 Qd7 35. Nd3 Qc7 36. Bxe5 Qa5 37. Qf8+ Ka7 38. Bd4+ Ka6 39. Qb4
Qxa2 40. Nc5+ Ka7 41. Qxb7# 1-0

[Event "Quebec-ch U10 Online"]
[Site "Chess.com"]
[Date "2021.03.27"]
[Round "3"]
[White "Foudil, Abderrahmane"]
[Black "Guillemette, Thomas"]
[Result "0-1"]
[WhiteElo "951"]
[BlackElo "891"]
[PlyCount "74"]
[EventDate "2021.03.27"]
[EventType "swiss"]
[EventRounds "5"]
[EventCountry "CAN"]

1. e4 c5 2. Nf3 d6 3. d4 cxd4 4. Nxd4 Nf6 5. Nc3 g6 6. Bd3 Bg7 7. f3 Bd7 8. Be3
Nc6 9. O-O O-O 10. Nxc6 Bxc6 11. Qd2 Re8 12. Bh6 Qb6+ 13. Kh1 Qxb2 14. Bxg7
Kxg7 15. a3 Qb6 16. f4 Qd4 17. f5 Nxe4 18. Nxe4 Bxe4 19. fxg6 hxg6 20. Rae1
Bxd3 21. cxd3 Rac8 22. Rf4 Qc3 23. Qe3 Qe5 24. Qg3 Qb2 25. Qe3 Qxa3 26. Rh4 Rh8
27. Qd4+ e5 28. Qf2 Rxh4 29. Qxh4 Qxd3 30. Qg4 Rc2 31. h3 b5 32. Rd1 Rd2 33.
Ra1 Qd4 34. Qxd4 exd4 35. Rxa7 d3 36. Rb7 Rb2 37. Rc7 d2 0-1

[Event "Quebec-ch U10 Online"]
[Site "Chess.com"]
[Date "2021.03.27"]
[Round "3"]
[White "Lopez, Alejandro"]
[Black "Duval, Mathieu"]
[Result "0-1"]
[WhiteElo "1096"]
[BlackElo "1363"]
[PlyCount "104"]
[EventDate "2021.03.27"]
[EventType "swiss"]
[EventRounds "5"]
[EventCountry "CAN"]

1. e4 c5 2. Nf3 Nc6 3. d4 cxd4 4. Nxd4 g6 5. Nc3 Bg7 6. Nb3 d6 7. Be2 Nf6 8.
O-O O-O 9. Bg5 Bd7 10. Qd2 a6 11. Bh6 b5 12. Bxg7 Kxg7 13. f3 Qb6+ 14. Kh1 Na5
15. Nxa5 Qxa5 16. Qd4 Rfc8 17. Nd5 Rxc2 18. b4 Qd8 19. Bd3 Rc6 20. Nxf6 exf6
21. f4 Qb6 22. Qb2 Re8 23. f5 Re5 24. fxg6 fxg6 25. a4 Qe3 26. axb5 Rb6 27. Bc2
Bxb5 28. Rae1 Qd2 29. Rd1 Qe2 30. Rde1 Qxf1+ 31. Rxf1 Bxf1 32. Qd4 Rc6 33. Qf2
Bb5 34. h3 Rc4 35. Qd2 Bc6 36. Bb3 Rcxe4 37. Qxd6 Re1+ 38. Kh2 Bb5 39. Qc7+ Kh6
40. Qd8 f5 41. Qf8+ Kh5 42. Qg7 h6 43. Bf7 Re6 44. Bxe6 Rxe6 45. Qc3 g5 46. Qg7
Re2 47. Qf7+ Kh4 48. Qxf5 h5 49. Qe4+ g4 50. Qf5 g3+ 51. Kg1 Re1+ 52. Qf1 Rxf1#
0-1

[Event "Quebec-ch U10 Online"]
[Site "Chess.com"]
[Date "2021.03.27"]
[Round "3"]
[White "Nemani Dhruv, Sai Venkat"]
[Black "Zhao, Alex"]
[Result "0-1"]
[WhiteElo "966"]
[BlackElo "1124"]
[PlyCount "150"]
[EventDate "2021.03.27"]
[EventType "swiss"]
[EventRounds "5"]
[EventCountry "CAN"]

1. e4 e5 2. Nf3 Nc6 3. d3 Bc5 4. Be3 Bb6 5. Bxb6 axb6 6. Be2 Nf6 7. Nc3 d6 8.
O-O Be6 9. d4 exd4 10. Nxd4 Nxd4 11. Qxd4 O-O 12. Qd2 Re8 13. f4 Bd7 14. Bd3
Bc6 15. Rfe1 Nd7 16. Re3 Qf6 17. Rg3 Nc5 18. Re1 Qd4+ 19. Kh1 Bxe4 20. Rge3 d5
21. Ne2 Qxb2 22. Bxe4 dxe4 23. Nc3 Rad8 24. Qe2 Qb4 25. Rb1 Qa5 26. Rb5 Qa6 27.
Qe1 Na4 28. Rb2 Nxb2 29. Nxe4 Nc4 30. Nf6+ gxf6 31. Rxe8+ Rxe8 32. Qxe8+ Kg7
33. a4 Ne3 34. Qxe3 Qf1+ 35. Qg1 Qxg1+ 36. Kxg1 f5 37. g3 Kf6 38. Kf2 Ke6 39.
Ke3 Kd5 40. Kd3 Kc5 41. c4 Kb4 42. Kd4 Kxa4 43. Ke5 Kb4 44. Kxf5 Kxc4 45. Kf6
b5 46. Kxf7 b4 47. Ke6 b3 48. f5 b2 49. f6 b1=Q 50. f7 Qg6+ 51. Ke7 Qd6+ 52.
Ke8 b5 53. f8=Q Qxf8+ 54. Kxf8 b4 55. Kg7 h5 56. Kh6 b3 57. Kxh5 b2 58. g4 b1=Q
59. g5 Qf5 60. h4 Kd5 61. Kh6 c5 62. g6 Qf8+ 63. g7 Qg8 64. Kg6 c4 65. h5 c3
66. h6 Ke6 67. h7 Qf7+ 68. Kh6 Qf6+ 69. Kh5 Qxg7 70. h8=Q Qxh8+ 71. Kg6 Qf6+
72. Kh5 c2 73. Kg4 c1=Q 74. Kg3 Qg1+ 75. Kh3 Qh6# 0-1

[Event "Quebec-ch U10 Online"]
[Site "Chess.com"]
[Date "2021.03.28"]
[Round "4"]
[White "Adam, Gabriel"]
[Black "Foudil, Abderrahmane"]
[Result "1-0"]
[WhiteElo "861"]
[BlackElo "951"]
[PlyCount "75"]
[EventDate "2021.03.27"]
[EventType "swiss"]
[EventRounds "5"]
[EventCountry "CAN"]

1. e4 Nc6 2. Nf3 f5 3. exf5 d5 4. Bb5 Bxf5 5. Bxc6+ bxc6 6. Ne5 Qd6 7. d4 c5 8.
Nf3 cxd4 9. Nxd4 Qe5+ 10. Ne2 Nf6 11. Bf4 Qe6 12. O-O Qc6 13. Nd4 Qd7 14. Nxf5
Qxf5 15. Bxc7 e5 16. Re1 Nd7 17. Qxd5 Be7 18. h3 Bf6 19. Qxa8+ Ke7 20. Qxh8 Nf8
21. Ba5 Kf7 22. Bb4 Be7 23. Bxe7 Kxe7 24. Qxg7+ Kd8 25. Qxe5 Qf7 26. Rd1+ Kc8
27. Qc5+ Kb7 28. Qb5+ Kc7 29. Qa6 Qf4 30. Qxa7+ Kc6 31. Qa8+ Kc5 32. Qd5+ Kb6
33. Nc3 Ka7 34. Nb5+ Ka6 35. Qc6+ Ka5 36. Nc7 Qb4 37. Rd5+ Qb5 38. Qxb5# 1-0

[Event "Quebec-ch U10 Online"]
[Site "Chess.com"]
[Date "2021.03.28"]
[Round "4"]
[White "Duval, Mathieu"]
[Black "Guillemette, Thomas"]
[Result "0-1"]
[WhiteElo "1363"]
[BlackElo "891"]
[PlyCount "104"]
[EventDate "2021.03.27"]
[EventType "swiss"]
[EventRounds "5"]
[EventCountry "CAN"]

1. d4 Nf6 2. c4 g6 3. Nc3 Bg7 4. e4 d6 5. Nf3 Bg4 6. Be2 O-O 7. O-O e5 8. dxe5
dxe5 9. Nxe5 Qxd1 10. Bxd1 Bxd1 11. Rxd1 Nxe4 12. Nxe4 Bxe5 13. Rb1 Re8 14. Bh6
Nc6 15. f3 Rad8 16. g3 Rxd1+ 17. Rxd1 Bxb2 18. Rd7 Bg7 19. Bxg7 Kxg7 20. Rxc7
Re7 21. Rc8 f5 22. Nd6 Rd7 23. Nxb7 Rxb7 24. Rxc6 Rb1+ 25. Kf2 Rb2+ 26. Ke3
Rxa2 27. Kd4 Rd2+ 28. Kc5 Rxh2 29. Rc7+ Kh6 30. Rxa7 Rh3 31. Kc6 Rxg3 32. Kb7
Rxf3 33. c5 Rb3+ 34. Kc7 f4 35. c6 f3 36. Ra2 g5 37. Kd6 Rd3+ 38. Ke5 Rc3 39.
Kd6 Rd3+ 40. Ke5 Rc3 41. Kd6 g4 42. c7 g3 43. Ra3 Rxc7 44. Ke5 g2 45. Rxf3 g1=Q
46. Rf6+ Kg7 47. Rf5 Rc5+ 48. Ke6 Qe3+ 49. Kd6 Rxf5 50. Kd7 Rf6 51. Kd8 Qa7 52.
Ke8 Rf8# 0-1

[Event "Quebec-ch U10 Online"]
[Site "Chess.com"]
[Date "2021.03.28"]
[Round "4"]
[White "Zhao, Alex"]
[Black "Lopez, Alejandro"]
[Result "0-1"]
[WhiteElo "1124"]
[BlackElo "1096"]
[PlyCount "148"]
[EventDate "2021.03.27"]
[EventType "swiss"]
[EventRounds "5"]
[EventCountry "CAN"]

1. d4 d5 2. c4 e6 3. Nc3 Nf6 4. cxd5 exd5 5. Bg5 Be7 6. e3 O-O 7. Nf3 Bf5 8.
Bd3 Bxd3 9. Qxd3 Nc6 10. a3 Re8 11. Bxf6 Bxf6 12. Qb5 Nxd4 13. Nxd4 Bxd4 14.
O-O Bxc3 15. bxc3 Rb8 16. Rad1 Qf6 17. c4 dxc4 18. Qxc4 c6 19. Qb3 Red8 20. h3
Qe7 21. a4 b6 22. Qc2 c5 23. Qc4 Rd7 24. Qb5 Rbd8 25. Rxd7 Qxd7 26. Qc4 h6 27.
Rb1 Qd3 28. Qxd3 Rxd3 29. a5 Rd6 30. axb6 axb6 31. Kf1 Kf8 32. Ke2 Ke7 33. Kf3
Ke6 34. Ke4 f5+ 35. Kf4 g5+ 36. Kf3 Kd5 37. Rd1+ Kc6 38. Rb1 b5 39. e4 fxe4+
40. Kxe4 c4 41. g3 Kc5 42. f4 gxf4 43. gxf4 Rd4+ 44. Ke5 Rd3 45. f5 c3 46. f6
b4 47. Rf1 c2 48. f7 Rd8 49. Rc1 b3 50. Ke6 Kb4 51. Ke7 Ra8 52. Rg1 b2 53. Rg8
Rxg8 54. fxg8=Q c1=Q 55. Qb8+ Kc3 56. Qc8+ Kd2 57. Qd7+ Ke1 58. Qe6+ Kd2 59.
Qxh6+ Ke2 60. Qe6+ Qe3 61. Qxe3+ Kxe3 62. h4 b1=Q 63. h5 Qh7+ 64. Kf6 Qxh5 65.
Ke6 Kd4 66. Kf6 Ke4 67. Ke6 Qh6+ 68. Kd7 Ke5 69. Kc7 Kd5 70. Kb7 Kc5 71. Ka7
Kb5 72. Kb7 Qh7+ 73. Kb8 Kc6 74. Ka8 Qb7# 0-1

[Event "Quebec-ch U10 Online"]
[Site "Chess.com"]
[Date "2021.03.28"]
[Round "5"]
[White "Guillemette, Thomas"]
[Black "Zhao, Alex"]
[Result "1/2-1/2"]
[WhiteElo "891"]
[BlackElo "1124"]
[PlyCount "55"]
[EventDate "2021.03.27"]
[EventType "swiss"]
[EventRounds "5"]
[EventCountry "CAN"]

1. e4 e5 2. Nf3 Nc6 3. Bc4 Nf6 4. Ng5 Bc5 5. Bxf7+ Ke7 6. Bc4 h6 7. Nf7 Qf8 8.
Nxh8 Qxh8 9. Nc3 d6 10. Nd5+ Nxd5 11. Bxd5 Bd7 12. Qf3 Rf8 13. Qe2 Nb4 14. Bb3
a6 15. Rf1 Bb5 16. d3 g5 17. Bd2 Qf6 18. O-O-O a5 19. a3 Nc6 20. f3 Nd4 21. Qe1
Nxb3+ 22. cxb3 Bxd3 23. Rh1 Qe6 24. Bc3 Ba6 25. Kc2 b6 26. Qd2 Qd7 27. Bxe5 Qc6
28. Bc3 1/2-1/2

[Event "Quebec-ch U10 Online"]
[Site "Chess.com"]
[Date "2021.03.28"]
[Round "5"]
[White "Nemani Dhruv, Sai Venkat"]
[Black "Duval, Mathieu"]
[Result "0-1"]
[WhiteElo "966"]
[BlackElo "1363"]
[PlyCount "146"]
[EventDate "2021.03.27"]
[EventType "swiss"]
[EventRounds "5"]
[EventCountry "CAN"]

1. d4 Nf6 2. c4 g6 3. Nc3 Bg7 4. Bf4 d6 5. Nf3 O-O 6. e3 Nbd7 7. Bd3 c5 8. d5
a6 9. a4 Nh5 10. Bg3 Re8 11. e4 b6 12. O-O Bb7 13. Rb1 Qc7 14. Ne2 Nxg3 15.
fxg3 Ne5 16. Nxe5 Bxe5 17. Nf4 Bc8 18. b3 Bd7 19. Qf3 Rf8 20. Qe2 Rab8 21. Kh1
Qb7 22. Rf2 b5 23. axb5 axb5 24. Rff1 Bg7 25. h3 bxc4 26. Bxc4 Bb5 27. Qc2 Qa6
28. Kh2 Rb7 29. g4 Rfb8 30. Rbc1 Bxc4 31. Qxc4 Qxc4 32. bxc4 Be5 33. Rc2 g5 34.
g3 gxf4 35. gxf4 Bg7 36. h4 Rb1 37. Rff2 R1b2 38. g5 Rxc2 39. Rxc2 Rb2 40. Rxb2
Bxb2 41. Kg3 f6 42. Kg4 fxg5 43. hxg5 Kg7 44. Kf5 Kf7 45. e5 Bc1 46. exd6 exd6
47. Kg4 Bb2 48. f5 Be5 49. f6 Bxf6 50. gxf6 Kxf6 51. Kf4 h6 52. Ke4 Kg5 53. Kf3
Kf5 54. Ke3 Kg4 55. Kf2 Kf4 56. Kg2 Ke4 57. Kh3 Kd4 58. Kh4 Kxc4 59. Kh5 Kxd5
60. Kxh6 Ke4 61. Kg5 d5 62. Kg4 d4 63. Kg3 Ke3 64. Kg2 d3 65. Kg3 d2 66. Kg4
d1=Q+ 67. Kg5 c4 68. Kg6 c3 69. Kg7 c2 70. Kg8 c1=Q 71. Kg7 Qd6 72. Kf7 Qcc7+
73. Kg8 Qdd8# 0-1

[Event "Quebec-ch U12 Online"]
[Site "Chess.com"]
[Date "2021.03.27"]
[Round "1"]
[White "Khatchikian, Eva"]
[Black "Fang, Zhou"]
[Result "1/2-1/2"]
[WhiteElo "929"]
[BlackElo "1534"]
[PlyCount "75"]
[EventDate "2021.03.27"]
[EventType "swiss"]
[EventRounds "5"]
[EventCountry "CAN"]

1. e4 d6 2. d4 Nf6 3. Nc3 Nbd7 4. Nf3 e5 5. dxe5 dxe5 6. Bc4 Bc5 7. O-O O-O 8.
Bg5 h6 9. Bh4 c6 10. a3 b5 11. Ba2 Qc7 12. b4 Bb6 13. Qd3 a5 14. bxa5 Bxa5 15.
Rfd1 Bxc3 16. Qxc3 Nxe4 17. Qd3 Nec5 18. Qc3 Na4 19. Qb3 Ndb6 20. Bg3 Nc4 21.
Qb4 Nab6 22. Bxc4 Nxc4 23. a4 Qa7 24. axb5 Qxa1 25. Rxa1 Rxa1+ 26. Ne1 cxb5 27.
f3 Ne3 28. Qc3 Nxc2 29. Qxc2 Be6 30. Qb2 Ra5 31. Bxe5 Bc4 32. Bxg7 Re8 33. Bc3
Ra2 34. Qc1 Kh7 35. Qb1+ Kg8 36. Qc1 Kh7 37. Qb1+ Kg8 38. Qc1 1/2-1/2

[Event "Quebec-ch U12 Online"]
[Site "Chess.com"]
[Date "2021.03.27"]
[Round "2"]
[White "Fang, Zhou"]
[Black "Adam, Estelle"]
[Result "1-0"]
[WhiteElo "1534"]
[BlackElo "976"]
[PlyCount "31"]
[EventDate "2021.03.27"]
[EventType "swiss"]
[EventRounds "5"]
[EventCountry "CAN"]

1. e4 e5 2. f4 Qh4+ 3. g3 Qe7 4. Nc3 exf4 5. Nf3 Nf6 6. e5 Ng4 7. gxf4 Qc5 8.
d4 Qa5 9. Ng5 Ne3 10. Bxe3 Bb4 11. Bd2 O-O 12. Qh5 h6 13. h4 g6 14. Qxh6 Rd8
15. Qh7+ Kf8 16. Qxf7# 1-0

[Event "Quebec-ch U12 Online"]
[Site "Chess.com"]
[Date "2021.03.27"]
[Round "2"]
[White "Mourad, Michel"]
[Black "Georgescu-Nicolau, Luca"]
[Result "1/2-1/2"]
[WhiteElo "1186"]
[BlackElo "1314"]
[PlyCount "87"]
[EventDate "2021.03.27"]
[EventType "swiss"]
[EventRounds "5"]
[EventCountry "CAN"]

1. d4 d5 2. c4 e6 3. Nc3 Nf6 4. Bg5 Be7 5. e3 O-O 6. Nf3 b6 7. a3 Bb7 8. b4 a5
9. c5 Nbd7 10. Bb5 c6 11. Bd3 Ba6 12. O-O Bxd3 13. Qxd3 Qc7 14. Bf4 Qb7 15.
Rfb1 Qa6 16. Qxa6 Rxa6 17. Ne5 Nxe5 18. Bxe5 b5 19. Bc7 axb4 20. axb4 Rfa8 21.
Rxa6 Rxa6 22. Ba5 Kf8 23. Kf1 Ke8 24. Ke2 Kd7 25. f3 Ne8 26. Ra1 Bd8 27. Ra2 f5
28. Bxd8 Rxa2+ 29. Nxa2 Kxd8 30. Nc1 Nc7 31. Nd3 Kc8 32. Kf2 h6 33. h4 Na6 34.
g4 fxg4 35. fxg4 g5 36. hxg5 hxg5 37. Kf3 Kd8 38. e4 Ke7 39. exd5 exd5 40. Ke3
Ke6 41. Kd2 Nb8 42. Ne5 Kf6 43. Kc3 Ke6 44. Kb3 1/2-1/2